000
00200nam a2200085Ia 4500
008
120527s9999 xx 000 0 und d
100
_a
Quill Ann
245
_a
Teaching children with Aultism
942
_c
BK
999
_c
27264
_d
27264